000 00285nam a22001337a 4500
008 170825b xxu||||| |||| 00| 0 eng d
020 _astephis0396
041 _aeng
080 _a070
100 _a39
101 _aMED
245 _aA HISTORY OF NEWS
_cSTEPHENS,M
942 _2udc
_cBK
999 _c25069
_d25069